[Event "ICS rated blitz match"]
[Site "204.178.125.65"]
[Date "2001.08.12"]
[Round "?"]
[White "Hossa"]
[Black "Amateur"]
[Result "1-0"]
[WhiteElo "2590"]
[BlackElo "2428"]
[PlyCount "175"]
[EventDate "2001.??.??"]

1. d4 Nf6 2. c4 g6 3. Nc3 Bg7 4. e4 d6 5. f3 O-O 6. Be3 c5 7. Nge2 cxd4 8. Nxd4
Nc6 9. Qd2 Ne5 10. Be2 Bd7 11. O-O Nh5 12. f4 Ng4 13. Bxg4 Bxg4 14. f5 Rc8 15.
Qd3 Nf6 16. h3 Bh5 17. g4 Bxg4 18. hxg4 Nxg4 19. b3 Nxe3 20. Qxe3 Be5 21. Nce2
Qb6 22. Rad1 Qa5 23. Nc3 Rce8 24. Na4 Rc8 25. Nf3 Bg7 26. Rd5 Qa6 27. Nd4 b6
28. Rf3 Qb7 29. Rh3 Qd7 30. Qg3 Rfd8 31. Nb5 Rb8 32. Rd2 a6 33. Nd4 b5 34. Nb2
bxc4 35. Nxc4 Qa7 36. Qf2 Rdc8 37. Nf3 Qxf2+ 38. Kxf2 Rc5 39. fxg6 fxg6 40. Rd5
Rbb5 41. Rxc5 Rxc5 42. Ke3 Bc3 43. Nd4 Rc7 44. Ne6 Rc6 45. Rh1 Bf6 46. Rf1 h6
47. Rh1 Kh7 48. Kf4 Bc3 49. a3 Rc8 50. Rh3 Bh8 51. e5 d5 52. Nb6 Rc6 53. Nd7
Bg7 54. Ndc5 h5 55. Rd3 Bh6+ 56. Kf3 Bc1 57. a4 g5 58. Rxd5 g4+ 59. Ke4 Ba3 60.
Nd7 g3 61. Rd3 h4 62. Ndf8+ Kh6 63. Rd4 Bb2 64. Rd7 Ba3 65. Nf4 Rb6 66. Kf5
Rxb3 67. N8g6 Rb4 68. Rd8 e6+ 69. Nxe6 Rb7 70. Nxh4 Bb4 71. Kg4 Rg7+ 72. Nxg7
Kxg7 73. Rd7+ Kg8 74. Kxg3 Bc3 75. e6 Be1+ 76. Kg4 Bb4 77. Nf5 Ba3 78. Nd6 Bxd6
79. e7 Bxe7 80. Rxe7 Kf8 81. Ra7 a5 82. Kf5 Ke8 83. Ke6 Kd8 84. Re7 Kc8 85. Kd6
Kd8 86. Re5 Kc8 87. Rb5 Kd8 88. Rb8# {Amateur checkmated} 1-0

[Event "ICS rated blitz match"]
[Site "204.178.125.65"]
[Date "2001.08.12"]
[Round "?"]
[White "Amateur"]
[Black "Hossa"]
[Result "1-0"]
[WhiteElo "2419"]
[BlackElo "2599"]
[PlyCount "147"]
[EventDate "2001.??.??"]

1. e4 c5 2. Nf3 Nc6 3. c3 d5 4. exd5 Qxd5 5. d4 Bg4 6. Be2 cxd4 7. cxd4 O-O-O
8. Nc3 Qa5 9. Be3 Bxf3 10. Bxf3 Nf6 11. O-O e5 12. Bxc6 bxc6 13. Qf3 e4 14.
Nxe4 Qd5 15. Ng5 Qxf3 16. Nxf3 Ng4 17. Bd2 Kb7 18. Rfc1 Be7 19. Rc3 Rd5 20. a4
Re8 21. Re1 Nf6 22. Rce3 Rd7 23. Rc1 Rc8 24. Rb3+ Ka8 25. Rd3 Bd6 26. Rc2 Nd5
27. Ne5 Bxe5 28. dxe5 a6 29. Rc4 Kb7 30. Rh4 h6 31. Rg4 Re8 32. Rxg7 Rxe5 33.
g4 Re4 34. b3 Kb6 35. f3 Re6 36. Rh7 Kc5 37. Bxh6 Re8 38. h4 Rde7 39. Kf2 Nf6
40. Rg7 Nd5 41. h5 a5 42. Bd2 Kb6 43. h6 Re2+ 44. Kg3 f6 45. h7 Rh8 46. Rd7 Re6
47. f4 Ka6 48. Kf2 Nb6 49. Rf7 Nd5 50. g5 fxg5 51. fxg5 Kb6 52. Rxd5 cxd5 53.
Bc3 Rxh7 54. Rxh7 Re4 55. Rh6+ Kc5 56. Bxa5 Rf4+ 57. Kg3 Rf1 58. g6 Rb1 59. b4+
Kc4 60. Rh2 Rg1+ 61. Rg2 Re1 62. g7 Re8 63. Kf4 Rg8 64. b5 Kc5 65. Ke5 Re8+ 66.
Kf6 Ra8 67. g8=Q Rxg8 68. Rxg8 Kd4 69. b6 Kc4 70. b7 Kd4 71. b8=Q Kc4 72. Rg3
Kc5 73. Qe5 Kc4 74. Qc3# {Hossa checkmated} 1-0

[Event "ICS rated blitz match"]
[Site "204.178.125.65"]
[Date "2001.08.12"]
[Round "?"]
[White "PostModernist"]
[Black "Hossa"]
[Result "1-0"]
[WhiteElo "2767"]
[BlackElo "2563"]
[PlyCount "118"]
[EventDate "2001.??.??"]

1. c4 e5 2. g3 Nf6 3. Bg2 c6 4. d4 e4 5. Nc3 d5 6. cxd5 cxd5 7. Bg5 Be7 8. Bxf6
Bxf6 9. e3 Nc6 10. Qb3 Ne7 11. Nge2 Be6 12. Qxb7 O-O 13. O-O Qd6 14. Qb3 Rab8
15. Qa3 Qxa3 16. bxa3 Rfc8 17. Rab1 Rb6 18. Rxb6 axb6 19. Rb1 Rc6 20. Na4 Nc8
21. Nf4 Bd8 22. f3 exf3 23. Bxf3 Ne7 24. Rb3 g5 25. Nxe6 Rxe6 26. Kf2 Rf6 27.
h3 h5 28. Kg2 h4 29. gxh4 gxh4 30. Nc3 Rg6+ 31. Kf2 Rg3 32. Ne2 Rg5 33. Rb5 Bc7
34. e4 f6 35. exd5 Nf5 36. Rb3 Kf7 37. a4 Ke7 38. Ke1 Rg7 39. Rc3 Kd8 40. Rc6
Rf7 41. Kd2 Ne7 42. Re6 Nf5 43. Kd3 Ng7 44. Re4 Nf5 45. Nf4 Bb8 46. Ne6+ Kc8
47. Rg4 Bc7 48. Rg8+ Kd7 49. Ra8 Kd6 50. a5 Re7 51. a6 b5 52. a7 Bb6 53. Rd8+
Bxd8 54. a8=Q Re8 55. Qc6+ Ke7 56. Qb7+ Kd6 57. Bh5 Nxd4 58. Kxd4 Ba5 59. Bxe8
Bc3+ {Hossa resigns} 1-0

[Event "ICS rated standard match"]
[Site "204.178.125.65"]
[Date "2001.08.12"]
[Round "?"]
[White "Hossa"]
[Black "monsoon"]
[Result "0-1"]
[WhiteElo "2205"]
[BlackElo "2415"]
[PlyCount "131"]
[EventDate "2001.??.??"]

1. e4 c5 2. Nf3 d6 3. c3 Nf6 4. Be2 g6 5. O-O Bg7 6. d3 O-O 7. Bg5 e5 8. Nfd2
Na6 9. f4 Nc7 10. fxe5 dxe5 11. Na3 Ne6 12. Be3 Bd7 13. Qe1 b5 14. Qf2 Qe7 15.
Nc2 Kh8 16. b4 cxb4 17. Nxb4 a5 18. Nd5 Nxd5 19. exd5 Nf4 20. Bc5 Qg5 21. Kh1
Nh3 22. Qe1 Nf4 23. g3 Nxd5 24. Bf3 Bc6 25. c4 bxc4 26. dxc4 Ne7 27. Bxc6 Nxc6
28. Bxf8 Rxf8 29. Ne4 Qe7 30. Rc1 f5 31. Nc3 Qc5 32. Nd5 e4 33. Qf2 Bd4 34. Qe2
Ne5 35. Rc2 Nd3 36. Rb1 Nf2+ 37. Kg2 e3 38. Rb5 Qa7 39. c5 Re8 40. Rc4 Qg7 41.
c6 Ne4 42. c7 Nd6 43. Rb8 Nc8 44. Ra4 Qe5 45. Rxa5 g5 46. h3 f4 47. gxf4 gxf4
48. Kh1 f3 49. Qh2 Qe4 50. Nxe3 f2+ 51. Qg2 Bxe3 52. Rf5 Bf4 53. Rxf4 Qxf4 54.
Qf1 Qe4+ 55. Kh2 Qe5+ 56. Kg2 Rg8+ 57. Kxf2 Qf4+ 58. Ke1 Qc1+ 59. Ke2 Re8+ 60.
Kf2 Rf8+ 61. Ke2 Qxf1+ 62. Kd2 Rf2+ 63. Kc3 Qxh3+ 64. Kb4 Rf4+ 65. Kb5 Qf5+ 66.
Ka6 {Hossa resigns} 0-1

[Event "ICS rated blitz match"]
[Site "204.178.125.65"]
[Date "2001.08.12"]
[Round "?"]
[White "Hossa"]
[Black "versj"]
[Result "1-0"]
[WhiteElo "2555"]
[BlackElo "2046"]
[PlyCount "23"]
[EventDate "2001.??.??"]

1. d4 c5 2. d5 e5 3. dxe6 fxe6 4. e4 d6 5. Nf3 Nf6 6. e5 Nd5 7. Bc4 dxe5 8.
Nxe5 Qf6 9. Bb5+ Bd7 10. Bxd7+ Nxd7 11. Nxd7 Kxd7 12. c4 {versj resigns} 1-0

[Event "ICS rated standard match"]
[Site "204.178.125.65"]
[Date "2001.08.12"]
[Round "?"]
[White "Hossa"]
[Black "Malukulu"]
[Result "0-1"]
[WhiteElo "2198"]
[BlackElo "2559"]
[PlyCount "98"]
[EventDate "2001.??.??"]

1. d4 d5 2. Nc3 e6 3. e4 Nf6 4. e5 Nfd7 5. Nf3 c5 6. Bg5 Qb6 7. Be3 Nc6 8. dxc5
Bxc5 9. Bxc5 Nxc5 10. Bb5 Bd7 11. Bxc6 Bxc6 12. Rb1 Ne4 13. Qd4 O-O 14. Qxb6
axb6 15. Nxe4 dxe4 16. Nd2 e3 17. fxe3 Bxg2 18. Rg1 Bc6 19. a3 Ra5 20. Ke2 Rxe5
21. h4 Rd8 22. Rbd1 Red5 23. Rg4 f5 24. Rg5 h6 25. Rgg1 Be8 26. Rg2 Bh5+ 27.
Ke1 Bxd1 28. Kxd1 Re5 29. Ke2 Rc8 30. c4 b5 31. b3 f4 32. e4 bxc4 33. bxc4 Ra5
34. Rf2 Rf8 35. Rf3 g5 36. hxg5 hxg5 37. Rh3 g4 38. Rb3 Rf7 39. Rb6 Rxa3 40.
Rxe6 g3 41. Rb6 f3+ 42. Nxf3 Rfxf3 43. Ke1 Ra2 44. Rg6+ Kf7 45. Rg5 Rb3 46.
Rf5+ Ke6 47. Rd5 Rb1+ 48. Rd1 g2 49. Rxb1 g1=Q# {Hossa checkmated} 0-1

[Event "ICS rated bullet match"]
[Site "204.178.125.65"]
[Date "2001.08.12"]
[Round "?"]
[White "Hossa"]
[Black "ics"]
[Result "0-1"]
[WhiteElo "2504"]
[BlackElo "2512"]
[PlyCount "128"]
[EventDate "2001.??.??"]

1. e4 e5 2. Nf3 Nf6 3. Nc3 Nc6 4. Bb5 Nd4 5. Bc4 Bc5 6. Nxe5 Qe7 7. Nxf7 Rf8 8.
O-O d6 9. Ng5 Bg4 10. Nf3 Nxe4 11. Nd5 Qd8 12. Be2 Bxf3 13. Bxf3 Nxf3+ 14. gxf3
Qg5+ 15. Kh1 Nxf2+ 16. Rxf2 Qxd5 17. Rf1 O-O-O 18. c3 Bb6 19. d4 Qh5 20. f4 Qf5
21. Rg1 Qd5+ 22. Rg2 Kb8 23. a4 Rde8 24. b4 a5 25. bxa5 Bxa5 26. Bd2 Rf5 27.
Rb1 Qe4 28. Rb5 Rxb5 29. axb5 g6 30. Qf1 Qc2 31. Qa1 b6 32. Kg1 d5 33. Rf2 Re6
34. h3 Kc8 35. Qa3 Qd1+ 36. Kg2 Re2 37. Qb2 Kd7 38. Rxe2 Qxe2+ 39. Kg3 Kc8 40.
h4 h5 41. Qc2 Qg4+ 42. Kf2 Qxh4+ 43. Kg2 Qg4+ 44. Kh2 Qe2+ 45. Kg3 Qf1 46. Be3
Qe1+ 47. Kf3 Qh1+ 48. Ke2 Qg2+ 49. Bf2 h4 50. c4 h3 51. cxd5 h2 52. d6 Qg4+ 53.
Ke3 Qe6+ 54. Qe4 Bd2+ 55. Kd3 Qxe4+ 56. Kxe4 h1=Q+ 57. Kd3 Qd1 58. Be3 Bc1+ 59.
Ke4 Qe2 60. f5 Qxe3+ 61. Kd5 Bb2 62. fxg6 Kd7 63. Kc4 Qc3+ 64. Kd5 Qxd4# {
Hossa checkmated} 0-1

[Event "ICS rated bullet match"]
[Site "204.178.125.65"]
[Date "2001.08.12"]
[Round "?"]
[White "ics"]
[Black "Hossa"]
[Result "1-0"]
[WhiteElo "2536"]
[BlackElo "2494"]
[PlyCount "127"]
[EventDate "2001.??.??"]

1. d4 d5 2. c4 c6 3. e3 Nf6 4. Nf3 Bg4 5. h3 Bxf3 6. Qxf3 g6 7. Nc3 Bg7 8. cxd5
cxd5 9. Bb5+ Nc6 10. O-O O-O 11. b3 Qd6 12. Bb2 a6 13. Bd3 Rfc8 14. Rac1 b6 15.
Ne2 Qd7 16. Nf4 Nb4 17. Bb1 Ne4 18. Qe2 Rxc1 19. Rxc1 Nf6 20. a3 Nc6 21. Qf3
Rc8 22. Bd3 b5 23. a4 bxa4 24. bxa4 Rb8 25. Bc3 Ra8 26. Rb1 Rb8 27. Rxb8+ Nxb8
28. a5 Qc6 29. Bb4 Qc1+ 30. Kh2 Nc6 31. Bc5 e6 32. Bxa6 Ne4 33. Bb6 Nd2 34. Qe2
Qc3 35. Qd3 Qc1 36. Qb5 Qc4 37. Qxc4 dxc4 38. Bb5 Nb4 39. a6 Nxa6 40. Bxa6 g5
41. Ne2 e5 42. Ba5 Ne4 43. d5 g4 44. Bxc4 gxh3 45. gxh3 Nd6 46. Ba6 Bf6 47. Bc7
Ne8 48. d6 Bh4 49. Bd3 Bg5 50. Ng3 Nf6 51. Ne4 Bh4 52. Nxf6+ Bxf6 53. d7 Bg5
54. d8=R+ Bxd8 55. Bxd8 Kg7 56. Kg3 h6 57. Kg4 Kf8 58. Bf6 Ke8 59. Bb5+ Kf8 60.
Kh5 Kg8 61. Kxh6 Kf8 62. e4 Kg8 63. Bg7 f6 64. Bc4# {Hossa checkmated} 1-0

[Event "ICS rated bullet match"]
[Site "204.178.125.65"]
[Date "2001.08.12"]
[Round "?"]
[White "Hossa"]
[Black "ics"]
[Result "0-1"]
[WhiteElo "2484"]
[BlackElo "2556"]
[PlyCount "138"]
[EventDate "2001.??.??"]

1. c4 e5 2. g3 Nf6 3. Bg2 d5 4. cxd5 Nxd5 5. Nc3 Nb6 6. Nf3 Nc6 7. O-O Be7 8.
Ne1 Be6 9. f4 exf4 10. Rxf4 O-O 11. Bxc6 bxc6 12. Ng2 Nd5 13. Rf1 Bc5+ 14. d4
Bb6 15. e4 Nf6 16. Be3 Ng4 17. Ne2 Bc4 18. Bf2 Re8 19. Ngf4 Nxf2 20. Rxf2 Rxe4
21. Qc2 Rxd4 22. Nxd4 Qxd4 23. Kg2 Qxf2+ 24. Qxf2 Bxf2 25. Kxf2 Rd8 26. b3 Ba6
27. Kf3 Rd2 28. h4 Kf8 29. Ke3 Rc2 30. Ke4 Ke7 31. h5 c5 32. h6 gxh6 33. Kf5
Bc8+ 34. Ke5 c6 35. Ke4 Rc3 36. Ne2 f5+ 37. Kf4 Rc2 38. Ke3 Be6 39. Kd3 Rb2 40.
Nf4 Bd5 41. Kc3 Rf2 42. Rd1 Be4 43. Rc1 Rxa2 44. Kc4 Rb2 45. Kc3 Rf2 46. Nh5
Kd6 47. Rd1+ Ke5 48. Rc1 Bd5 49. Re1+ Kd6 50. Re3 Be4 51. b4 Rc2+ 52. Kb3 c4+
53. Ka3 Ke5 54. Re1 Rc3+ 55. Ka4 Kd4 56. Rd1+ Rd3 57. Ra1 c3 58. Nf4 Re3 59.
Rd1+ Kc4 60. Rc1 c2 61. Ne6 Rb3 62. Nd4 Rb1 63. Ne2 Kd3 64. Rxc2 Kxc2 65. Nd4+
Kc3 66. Ne2+ Kb2 67. b5 c5 68. b6 Bc6+ 69. Ka5 Ra1# {Hossa checkmated} 0-1

[Event "ICS rated bullet match"]
[Site "204.178.125.65"]
[Date "2001.08.12"]
[Round "?"]
[White "ics"]
[Black "Hossa"]
[Result "1-0"]
[WhiteElo "2573"]
[BlackElo "2474"]
[PlyCount "147"]
[EventDate "2001.??.??"]

1. Nf3 Nf6 2. g3 b5 3. Bg2 Bb7 4. O-O e6 5. d4 Be7 6. Qd3 b4 7. Ne5 Bxg2 8.
Kxg2 O-O 9. a3 bxa3 10. Nxa3 d6 11. Nf3 Nc6 12. Nc4 Rb8 13. c3 Qd7 14. b4 Ng4
15. h3 Nf6 16. Ra6 Nd5 17. Bd2 f5 18. Rfa1 Bd8 19. Na5 Nxa5 20. R6xa5 f4 21.
Rxa7 Rf7 22. R1a6 fxg3 23. fxg3 Be7 24. b5 Nb6 25. c4 Bd8 26. c5 dxc5 27. Ne5
Qd5+ 28. e4 Qxd4 29. Qxd4 cxd4 30. Nxf7 Kxf7 31. Bf4 d3 32. Ra3 e5 33. Bxe5 d2
34. Rd3 Nc8 35. Ra5 Nb6 36. Bf4 Nc4 37. Ra7 Ke8 38. Bxd2 Nd6 39. b6 Rxb6 40. e5
Nf7 41. Rd5 c6 42. e6 cxd5 43. exf7+ Kf8 44. Ra8 Kxf7 45. Rxd8 Ke6 46. Bf4 h6
47. h4 Rc6 48. Re8+ Kf7 49. Re5 Rd6 50. Kf3 Kf6 51. Ke3 d4+ 52. Ke4 Rd7 53. Rd5
Rxd5 54. Kxd5 d3 55. Ke4 g5 56. hxg5+ hxg5 57. Be3 d2 58. Bxd2 g4 59. Kf4 Ke6
60. Kxg4 Ke5 61. Bc3+ Ke6 62. Kf4 Ke7 63. g4 Kf7 64. g5 Kg6 65. Bf6 Kf7 66. Kf5
Ke8 67. g6 Kd7 68. g7 Kd6 69. g8=Q Kc7 70. Qd5 Kc8 71. Qc6+ Kb8 72. Qd7 Ka8 73.
Qc8+ Ka7 74. Bd4# {Hossa checkmated} 1-0

[Event "ICS rated blitz match"]
[Site "204.178.125.65"]
[Date "2001.08.12"]
[Round "?"]
[White "Amateur"]
[Black "Hossa"]
[Result "0-1"]
[WhiteElo "2440"]
[BlackElo "2557"]
[PlyCount "148"]
[EventDate "2001.??.??"]

1. d4 Nf6 2. c4 e6 3. Nc3 Bb4 4. e3 O-O 5. Bd3 d5 6. Nf3 c5 7. O-O cxd4 8. exd4
dxc4 9. Bxc4 Nc6 10. a3 Bd6 11. Bg5 Be7 12. Rc1 Bd7 13. Qd3 Rc8 14. Bb3 Ng4 15.
Bc2 g6 16. Bd2 Re8 17. Ne4 Qc7 18. h3 Nf6 19. Rfe1 Red8 20. b4 Nxe4 21. Rxe4
Be8 22. Bb3 Qd6 23. Rce1 Qc7 24. Bf4 Bd6 25. Bg5 Be7 26. b5 Bxg5 27. Nxg5 Na5
28. Bxe6 Qc2 29. Qxc2 Rxc2 30. Rf4 Rc7 31. Ba2 Rdc8 32. Kh2 Nc4 33. a4 Nd6 34.
Bb3 Kg7 35. Ne4 Nxe4 36. Rfxe4 Kf8 37. d5 f5 38. R4e3 Rd7 39. Rd1 Rcd8 40. Re5
Bf7 41. g4 fxg4 42. hxg4 h5 43. Kg3 Kg7 44. Kh4 Kf6 45. f4 hxg4 46. Kxg4 a6 47.
bxa6 bxa6 48. Bc4 Rd6 49. Rb1 Rc8 50. Re4 Rc5 51. Rd4 Be8 52. Bb3 Rc3 53. f5
Bd7 54. Rf4 Bxf5+ 55. Rxf5+ gxf5+ 56. Kf4 Rb6 57. Ba2 Rxb1 58. Bxb1 Rc4+ 59.
Ke3 Ke5 60. Ke2 Rxa4 61. Bc2 Ra2 62. Kd1 Rxc2 63. Kxc2 Kxd5 64. Kd1 a5 65. Kd2
a4 66. Kc3 a3 67. Kb3 f4 68. Kxa3 f3 69. Kb3 f2 70. Kc3 f1=Q 71. Kc2 Kc4 72.
Kd2 Qf2+ 73. Kc1 Kc3 74. Kd1 Qf1# {Amateur checkmated} 0-1

[Event "ICS rated blitz match"]
[Site "204.178.125.65"]
[Date "2001.08.12"]
[Round "?"]
[White "Hossa"]
[Black "Amateur"]
[Result "1-0"]
[WhiteElo "2568"]
[BlackElo "2429"]
[PlyCount "99"]
[EventDate "2001.??.??"]

1. d4 d6 2. c4 e5 3. dxe5 Nc6 4. exd6 Qxd6 5. Qxd6 Bxd6 6. Nf3 Be6 7. e3 Nge7
8. Be2 Nb4 9. Na3 O-O 10. O-O Bf5 11. Nd4 Bd3 12. Bxd3 Nxd3 13. Nab5 Be5 14.
Rd1 Nxc1 15. Raxc1 c6 16. Nc3 Rad8 17. f4 Bc7 18. Kf2 Nc8 19. Ne4 a5 20. Kf3
Ne7 21. Rc3 Rfe8 22. Rcd3 Ra8 23. g4 Ng6 24. Nf5 b6 25. Rd7 Rad8 26. Ng5 Rf8
27. Ke2 Rc8 28. h4 Bd8 29. Nxf7 Bf6 30. N7d6 Rcd8 31. Ne4 Rxd7 32. Rxd7 Bxb2
33. h5 Rxf5 34. gxf5 Nh4 35. Nd6 Bf6 36. Rc7 Kf8 37. h6 Ba1 38. hxg7+ Kg8 39.
Rxc6 Bxg7 40. Rxb6 Bf8 41. c5 a4 42. Rb8 h5 43. c6 Ng2 44. f6 Nh4 45. Rxf8+ Kh7
46. c7 Nf5 47. Nxf5 h4 48. Nxh4 a3 49. Kf3 Kh6 50. Rh8# {Amateur checkmated}
1-0

[Event "ICS rated blitz match"]
[Site "204.178.125.65"]
[Date "2001.08.12"]
[Round "?"]
[White "Amateur"]
[Black "Hossa"]
[Result "0-1"]
[WhiteElo "2419"]
[BlackElo "2578"]
[PlyCount "132"]
[EventDate "2001.??.??"]

1. e4 e6 2. d4 d5 3. Nc3 Bb4 4. e5 Qd7 5. Qg4 f5 6. Qg3 c5 7. Bb5 Nc6 8. Be3
cxd4 9. Bxd4 a6 10. Bxc6 bxc6 11. a3 Bxc3+ 12. Bxc3 c5 13. O-O-O a5 14. Ne2 a4
15. Nf4 Bb7 16. Bd2 Kf7 17. Nh5 Kf8 18. Be3 d4 19. Bg5 Qf7 20. Qh3 Qg6 21. Qh4
Rb8 22. Rhg1 Qe8 23. Nf4 Be4 24. f3 Bc6 25. Rd3 Bb5 26. Rd2 Bc4 27. g4 Qb5 28.
Nd3 Bxd3 29. cxd3 Qb3 30. Qf2 h6 31. Bf4 g5 32. gxf5 exf5 33. Qg2 Ne7 34. Bg3
Nd5 35. e6 f4 36. Qh3 fxg3 37. Qf5+ Ke7 38. Qf7+ Kd6 39. Qd7+ Ke5 40. hxg3 Rb7
41. Qc6 Kf6 42. Rh1 Ne7 43. Qe4 Rb6 44. f4 Rxe6 45. fxg5+ hxg5 46. Rf1+ Kg7 47.
Qf3 Rb6 48. Re2 Ng6 49. Qf5 Rf8 50. Qd7+ Rf7 51. Rxf7+ Qxf7 52. Qxa4 Rb3 53.
Kc2 c4 54. dxc4 d3+ 55. Kd2 dxe2 56. Qxb3 Qf1 57. Qe3 Qd1+ 58. Kc3 e1=Q+ 59.
Qxe1 Qxe1+ 60. Kc2 Qf2+ 61. Kc1 Qxg3 62. c5 Nf4 63. Kb1 Qd3+ 64. Ka2 Qc2 65. c6
Nd3 66. c7 Qxb2# {Amateur checkmated} 0-1

[Event "ICS rated blitz match"]
[Site "204.178.125.65"]
[Date "2001.08.12"]
[Round "?"]
[White "Hossa"]
[Black "Amateur"]
[Result "0-1"]
[WhiteElo "2587"]
[BlackElo "2410"]
[PlyCount "142"]
[EventDate "2001.??.??"]

1. e4 e5 2. Nf3 Nc6 3. d4 exd4 4. Bc4 Nf6 5. O-O Nxe4 6. Re1 d5 7. Bxd5 Qxd5 8.
Nc3 Qa5 9. Nxe4 Be6 10. Neg5 O-O-O 11. Nxe6 fxe6 12. Rxe6 Bd6 13. Re4 Rhe8 14.
Rh4 h6 15. Rg4 Rd7 16. Bf4 Bxf4 17. Rxf4 g5 18. Rg4 Qb5 19. Rb1 Qf5 20. Nxd4
Red8 21. c3 Ne5 22. Qe1 Qxg4 23. Qxe5 Rd5 24. Qe1 c5 25. Nf3 Qa4 26. Qe6+ Kc7
27. Rf1 R8d6 28. Qe7+ Kb6 29. Ne5 Qxa2 30. Nf7 Rd7 31. Qe6+ Kc7 32. Ne5 R7d6
33. Qe7+ Kb8 34. Nf7 Rd7 35. Qe8+ Kc7 36. Ne5 Rd8 37. Qe7+ Kb8 38. Nf7 Rg8 39.
Nxh6 Rc8 40. Qe6 Rcd8 41. Nf7 Rg8 42. f3 Qb3 43. Re1 a6 44. g3 Qa2 45. Kh1 Qb3
46. Kg1 a5 47. Kh1 a4 48. Ne5 Rgd8 49. Nf7 Rc8 50. Nd6 Rh8 51. Nf7 Rh7 52. Qe4
Rxf7 53. Qe8+ Ka7 54. Qxf7 Re5 55. Rxe5 Qxf7 56. Kg2 Qa2 57. Kh3 Qxb2 58. Rxc5
a3 59. Rxg5 Qxc3 60. Rd5 a2 61. Rd1 Qg7 62. Kg2 b5 63. h4 b4 64. h5 b3 65. Kf2
b2 66. g4 b1=Q 67. Rxb1 axb1=Q 68. Kg2 Qgb2+ 69. Kg3 Qe1+ 70. Kh3 Qbf2 71. f4
Qef1# {Hossa checkmated} 0-1

[Event "ICS rated standard match"]
[Site "204.178.125.65"]
[Date "2001.08.12"]
[Round "?"]
[White "PostModernist"]
[Black "Hossa"]
[Result "1-0"]
[WhiteElo "2473"]
[BlackElo "2194"]
[PlyCount "132"]
[EventDate "2001.??.??"]

1. d4 Nf6 2. c4 e6 3. Nf3 b6 4. Bf4 Bb4+ 5. Nbd2 Nh5 6. Bg5 f6 7. Be3 f5 8. Bg5
Nf6 9. e3 Bb7 10. Be2 O-O 11. O-O Be7 12. a3 Kh8 13. b4 a5 14. b5 d6 15. Re1
Nbd7 16. Bf4 Nh5 17. Bf1 Bf6 18. h3 Nxf4 19. exf4 Re8 20. Bd3 Nf8 21. Qe2 Ng6
22. Qe3 Qd7 23. Rad1 e5 24. dxe5 dxe5 25. fxe5 Bxe5 26. Nf1 Bh2+ 27. N3xh2 Rxe3
28. Nxe3 Qe7 29. Bxf5 Nh4 30. a4 Rf8 31. Bc2 Qc5 32. Rf1 Qe5 33. Rd7 Bc8 34.
Nhg4 Qc5 35. Rd5 Qe7 36. f4 g6 37. Ne5 Be6 38. Rd3 Nf5 39. Kh2 Nd6 40. Nd5 Qh4
41. Nxc7 Bxc4 42. Nxc4 Nxc4 43. Nd5 Kg7 44. Bb3 Ne5 45. Rg3 Nd7 46. Re3 Rf7 47.
Re8 Nc5 48. Bd1 Qh6 49. Bc2 g5 50. Ne7 Qd6 51. Rg8+ Kf6 52. Nf5 Qc7 53. Rxg5
Rf8 54. Ne3 Kf7 55. Bxh7 Rh8 56. Bg6+ Kg7 57. Nd5 Qd6 58. Re1 Rh6 59. Bh5+ Kh8
60. Re8+ Kh7 61. Bd1 Qg6 62. Rxg6 Kxg6 63. Re7 Rh8 64. Bc2+ Kh6 65. Nf6 Ne6 66.
Ng4+ Kh5 {Hossa resigns} 1-0

[Event "ICS rated blitz match"]
[Site "204.178.125.65"]
[Date "2001.08.12"]
[Round "?"]
[White "Amateur"]
[Black "Hossa"]
[Result "0-1"]
[WhiteElo "2454"]
[BlackElo "2563"]
[PlyCount "142"]
[EventDate "2001.??.??"]

1. d4 Nf6 2. Bg5 d5 3. Bxf6 exf6 4. e3 c6 5. Nd2 Bd6 6. Bd3 O-O 7. Qh5 g6 8.
Qh4 Re8 9. Ngf3 h5 10. h3 Kg7 11. Nh2 Qb6 12. O-O-O Qa5 13. a3 b5 14. Nb3 Qb6
15. Rdg1 b4 16. a4 Bxh2 17. Rxh2 Qc7 18. Rhh1 a5 19. g4 g5 20. gxh5 Kh6 21. Qg3
Qxg3 22. Rxg3 Kxh5 23. Be2+ Kg6 24. h4 Nd7 25. Bd3+ Kg7 26. hxg5 fxg5 27. Rxg5+
Kf6 28. Rg3 Ke6 29. Rg7 f6 30. Rhh7 Rd8 31. Be2 Kd6 32. Rh6 Re8 33. Bh5 Rf8 34.
Rhh7 Rd8 35. Bf3 Rf8 36. Be2 Rd8 37. Bh5 c5 38. Bf7 c4 39. Na1 Bb7 40. e4 Bc6
41. Bxd5 Bxd5 42. exd5 Nb6 43. b3 c3 44. Rf7 Nxd5 45. Kb1 Ke6 46. Ra7 Nf4 47.
Rhe7+ Kf5 48. Rxa8 Rxa8 49. Ka2 Rd8 50. Ra7 Rd5 51. Ra8 Ne6 52. Rb8 Nxd4 53.
Re8 Nf3 54. Rb8 Nd2 55. Rh8 Ne4 56. Rh5+ Ke6 57. Rxd5 Kxd5 58. f3 f5 59. Kb1
Nf2 60. Kc1 Ke5 61. Kb1 Kf4 62. Kc1 Kxf3 63. Kb1 f4 64. Kc1 Kg3 65. Kb1 f3 66.
Ka2 Nd3 67. cxd3 f2 68. Nc2 f1=Q 69. Ne3 Qf2+ 70. Nc2 Qxc2+ 71. Ka1 Qb2# {
Amateur checkmated} 0-1

[Event "ICS rated blitz match"]
[Site "204.178.125.65"]
[Date "2001.08.12"]
[Round "?"]
[White "Hossa"]
[Black "Amateur"]
[Result "1-0"]
[WhiteElo "2574"]
[BlackElo "2443"]
[PlyCount "121"]
[EventDate "2001.??.??"]

1. e4 e5 2. Nf3 Nf6 3. Nxe5 d6 4. Nf3 Nxe4 5. Bd3 d5 6. Qe2 Qe7 7. O-O Nd6 8.
Qd1 Nc6 9. Re1 Be6 10. Nc3 Nb4 11. Bf1 O-O-O 12. a3 Nc6 13. Nxd5 Qd7 14. Nb4
Re8 15. d4 Bg4 16. Rxe8+ Qxe8 17. Nxc6 Qxc6 18. Be2 Qe4 19. Be3 Be7 20. Ng5
Bxe2 21. Nxe4 Bxd1 22. Nxd6+ Bxd6 23. Rxd1 Re8 24. g3 b5 25. Kg2 Kb7 26. Kf3
Ka6 27. Bd2 Re6 28. Re1 Rf6+ 29. Kg2 Kb6 30. h3 Kc6 31. Bc3 Kd5 32. f4 h5 33.
h4 Rg6 34. Kf3 Kc4 35. Re3 a6 36. b4 f5 37. Kf2 Kd5 38. Ke2 Kc4 39. Bb2 c6 40.
Kf3 Rg4 41. Re6 Kd5 42. Re2 Bc7 43. Re7 Bb8 44. Re8 Bd6 45. Rh8 g6 46. c3 Be7
47. Ra8 Kc4 48. Rxa6 Kb3 49. Bc1 Kxc3 50. Be3 Kb2 51. Bf2 Kb3 52. Ke2 Bf8 53.
Ke3 Bh6 54. Be1 Bg7 55. Rxc6 Kxa3 56. Kd3 Kb3 57. Rc3+ Ka4 58. Kc2 Bxd4 59. Rc6
Bc3 60. Bxc3 Ka3 61. Ra6# {Amateur checkmated} 1-0

[Event "ICS Rated standard match"]
[Site "204.178.125.65"]
[Date "2001.08.12"]
[Round "?"]
[White "QueenMaxima"]
[Black "Hossa"]
[Result "1-0"]
[WhiteElo "2163"]
[BlackElo "2189"]
[PlyCount "80"]
[EventDate "2001.??.??"]

1. e4 e6 2. d4 d5 3. Nc3 Bb4 4. e5 Qd7 5. a3 Bxc3+ 6. bxc3 b6 7. Qg4 f5 8. Qh5+
g6 9. Qh4 Ba6 10. Bg5 Bxf1 11. Kxf1 Qb5+ 12. Ne2 Qb2 13. Re1 Nd7 14. c4 c6 15.
cxd5 cxd5 16. g4 Qxc2 17. Rg1 h5 18. Rc1 Qb2 19. gxf5 gxf5 20. Rg3 Qb5 21. Bd2
f4 22. Qxf4 Ne7 23. Bb4 Nf5 24. Rg6 Nf8 25. Bxf8 Rxf8 26. Rxe6+ Kd7 27. Rg6 Qb3
28. e6+ Ke8 29. Qc7 Qb5 30. Kg1 Rd8 31. Ng3 Rd7 32. Qc8+ Rd8 33. Nxf5 Rxf5 34.
Rg8+ Rf8 35. Rxf8+ Kxf8 36. Qxd8+ Kg7 37. Qg5+ Kf8 38. Qf6+ Kg8 39. Qg6+ Kh8
40. Rc8+ Qe8 {Hossa resigns} 1-0

[Event "ICS rated standard match"]
[Site "204.178.125.65"]
[Date "2001.08.12"]
[Round "?"]
[White "Hossa"]
[Black "PostModernist"]
[Result "0-1"]
[WhiteElo "2172"]
[BlackElo "2478"]
[PlyCount "163"]
[EventDate "2001.??.??"]

1. e4 c5 2. Nf3 Nc6 3. c3 e6 4. Be2 d5 5. exd5 exd5 6. O-O Bd6 7. d4 Nge7 8.
dxc5 Bxc5 9. Bd3 Bg4 10. Re1 Qb6 11. Qe2 O-O-O 12. b4 Bd6 13. Na3 Bb8 14. h3
Bxf3 15. Qxf3 Ne5 16. Qd1 Nxd3 17. Qxd3 Qc7 18. g3 Qd7 19. Kg2 Rhe8 20. Be3 Nc6
21. Bd4 f5 22. Nb5 h5 23. a4 h4 24. Be3 Re4 25. Bg5 Rde8 26. Red1 hxg3 27. Qxd5
Qxd5 28. Rxd5 gxf2 29. Kxf2 f4 30. Rad1 Re2+ 31. Kf1 f3 32. R1d3 R2e5 33. Rxe5
Nxe5 34. Rd1 Nf7 35. h4 Bg3 36. Nd4 Nxg5 37. hxg5 f2 38. Ne2 Bh4 39. Rd5 Re3
40. Rc5+ Kd7 41. Rd5+ Ke7 42. Rb5 b6 43. Rf5 Rd3 44. Kg2 Rd1 45. a5 bxa5 46.
bxa5 g6 47. Rf4 Ra1 48. Nd4 Kd6 49. a6 Rg1+ 50. Kh3 Ke5 51. Rf8 f1=Q+ 52. Rxf1
Rxf1 53. Kxh4 Ra1 54. Kg3 Rxa6 55. Kf3 Ra3 56. Ne2 Ra4 57. Nc1 Rc4 58. Na2 a5
59. Ke3 Rg4 60. Nc1 Kd5 61. Kf3 Rxg5 62. Kf4 Rf5+ 63. Kg4 Kc4 64. Kg3 Kxc3 65.
Kg2 Re5 66. Kf3 Re1 67. Na2+ Kb3 68. Kg4 Kxa2 69. Kf4 g5+ 70. Kg4 Re4+ 71. Kf3
g4+ 72. Kxe4 a4 73. Kf4 a3 74. Kg3 Kb2 75. Kf4 a2 76. Kg3 Kc3 77. Kf4 Kd4 78.
Kf5 g3 79. Kf4 g2 80. Kf5 g1=Q 81. Kf6 a1=Q 82. Kf7 {Hossa resigns} 0-1